Acceso y disponibilidad de servicios de salud en Costa Rica 2000 /

Αποθηκεύτηκε σε:
Λεπτομέρειες βιβλιογραφικής εγγραφής
Κύριος συγγραφέας: Rosero Bixby, Luis
Συγγραφή απο Οργανισμό/Αρχή: Simposio Costa Rica a la luz del Censo del 2000(5-6 de agosto del 2000)
Μορφή: Πρακτικό Συνεδρίου
Διαθέσιμο Online:http://populi.eest.ucr.ac.cr
Ετικέτες: Προσθήκη ετικέτας
Δεν υπάρχουν, Καταχωρήστε ετικέτα πρώτοι!

MARC

LEADER 00000 a a2200000 04500
001 44973
003
040
100 |a Rosero Bixby, Luis  
111 |a Simposio Costa Rica a la luz del Censo del 2000(5-6 de agosto del 2000)  
245 |a Acceso y disponibilidad de servicios de salud en Costa Rica 2000 /  |c Luis Rosero Bixby  
500 |a Servicios sociales: educación, salud y seguridad social. Parte III  
773 |g páginas 287-314  
856 |u http://populi.eest.ucr.ac.cr  
999 |c 27051  |d 27051